Návrh a realizácia mobilnej aplikácie pre rozpis a výsledkový servis súťaže
Gespeichert in:
| 1. Verfasser: | |
|---|---|
| Weitere Verfasser: | |
| Format: | Manuskript Buch |
| Sprache: | Slowakisch |
| Veröffentlicht: |
Bratislava :
STU v Bratislave FEI,
2022
|
| Schlagworte: | |
| Online-Zugang: | https://opac.crzp.sk/?fn=detailBiblioFormChildIRHVH&sid=B599B75453D2B93F16DE3475B660&seo=CRZP-detail-kniha |
| Tags: |
Keine Tags, Fügen Sie das erste Tag hinzu!
|
MARC
| LEADER | 00000ntm a22000003a 4500 | ||
|---|---|---|---|
| 001 | stuzp87197 | ||
| 003 | SK-STU | ||
| 005 | 20230321123434.4 | ||
| 007 | ta | ||
| 008 | 150427s2015----xo-----f-mn---000-0-slo-d | ||
| 040 | |a STU |b slo | ||
| 041 | 0 | |a slo | |
| 044 | |a xo | ||
| 100 | 1 | |a Zurvalec, Erik |u 035000 |4 aut |U FEI Fakulta elektrotechniky a informatiky |T FEI Ústav informatiky a matematiky |X 104636 |U E050 |Y 816 |7 104636 | |
| 242 | 0 | 1 | |a Design and implementation of a mobile application for the schedule and results of the competition |y eng |
| 245 | 1 | 0 | |a Návrh a realizácia mobilnej aplikácie pre rozpis a výsledkový servis súťaže |
| 260 | |a Bratislava : |b STU v Bratislave FEI, |c 2022 | ||
| 300 | |a 56 s., príl. | ||
| 650 | 4 | |a Visual Studio Code |2 slo | |
| 650 | 4 | |a súťaž |2 slo | |
| 650 | 4 | |a Java |2 slo | |
| 650 | 4 | |a Android Studio |2 slo | |
| 650 | 4 | |a Android Studio |2 eng | |
| 650 | 4 | |a Visual Studio Code |2 eng | |
| 650 | 4 | |a competition |2 eng | |
| 650 | 4 | |a Java |2 eng | |
| 700 | 1 | |a Cigánek, Ján |u 030400 |k Z1 |4 ths |U FEI Fakulta elektrotechniky a informatiky |T FEI Ústav automobilovej mechatroniky |X 10327 |U E400 |Y 642 |7 10327 | |
| 856 | 4 | |u https://opac.crzp.sk/?fn=detailBiblioFormChildIRHVH&sid=B599B75453D2B93F16DE3475B660&seo=CRZP-detail-kniha | |